000 00330nam a2200133 a 4500
005 20140414093846.0
008 100223s19uu xx uuu eng d
050 _aCDB 006.68
_bFLA 2001
245 _aFlash site workshop.
650 _aComputer graphics.
650 _aFlash (Computer file).
942 _cAVM
999 _c109635
_d109635